00880nam a22002657a 4500999001500000001000600015003000900021005001700030008004100047020001500088040002900103082001900132245008600151250001700237260003600254300004600290504005300336650001800389650001800407650001800425700002000443700002200463942001200485952011700497 c7605d760511486BD-DhUAP20210125154040.0210125s1994 enka b 001 0 eng  a0195685083 aDLCcMBNUdBD-DhUAPbEng 223a615.58 CLI aClinical pharmacy and therapeutics /cedited by Roger Walker and Cate Whittlesea. anew edition. aAmsterdam : bElsevier, c1994. axii, 900 pages :billustrations ;c28 cm. aIncludes bibliographical references and indexes. 0aChemotherapy. 0aPharmacology. 0aTherapeutics. aWalker, Roger.  aWhittlesea, Cate. 2ddccBK 00102ddc4070aUAPCLbUAPCLcReserve Stacksd2021-01-25o615.58 CLIp3010011486r2021-01-25t1w2021-01-25yBK